|
|
|
|
| LEADER |
00000nam0a2200000 4500 |
| 001 |
142078 |
| 005 |
20231101220940.0 |
| 020 |
|
|
|a RU
|b 86-97880э
|
| 035 |
|
|
|a (RuTPU)RU\TPU\book\153981
|
| 090 |
|
|
|a 142078
|
| 100 |
|
|
|a 20080901d1986 m y0rusy5003 ca
|
| 101 |
1 |
|
|a rus
|c ukr
|
| 102 |
|
|
|a UA
|
| 105 |
|
|
|a a z 000ay
|
| 200 |
1 |
|
|a Энеида
|e [поэма]
|e пер. с укр.
|f И. П. Котляревский
|g пер. Д. Г. Андреев
|
| 210 |
|
|
|a Киев
|c Днiпро
|d 1986
|
| 215 |
|
|
|a 204 с.
|c ил.
|
| 606 |
1 |
|
|a Украинская литература
|2 stltpush
|3 (RuTPU)RU\TPU\subj\62974
|9 80028
|
| 610 |
1 |
|
|a художественная литература
|
| 610 |
1 |
|
|a поэзия
|
| 610 |
1 |
|
|a поэмы
|
| 675 |
|
|
|a 883
|z rus
|
| 700 |
|
1 |
|a Котляревский
|b И. П.
|g Иван Петрович
|
| 702 |
|
1 |
|a Андреев
|b Д. Г.
|4 730
|
| 801 |
|
0 |
|a RU
|b RuMRKP
|c 19950417
|g psbo
|
| 801 |
|
1 |
|a RU
|b 63413507
|c 20080901
|g PSBO
|
| 801 |
|
2 |
|a RU
|b 63413507
|c 20200911
|g PSBO
|
| 942 |
|
|
|c BK
|